Normal view
MARC view
- MORARI, MANFRED, ZAFIRIOU, EVANGHELOS
Entry Personal Name
001 - CONTROL NUMBER
- control field: 67121
003 - CONTROL NUMBER IDENTIFIER
- control field: NUST
005 - DATE AND TIME OF LATEST TRANSACTION
- control field: 20210628203739.0
008 - FIXED-LENGTH DATA ELEMENTS
- fixed length control field: 210628|| aca||aabn | a|a d
040 ## - CATALOGING SOURCE
- Original cataloging agency: NUST
- Transcribing agency: NUST
100 ## - HEADING--PERSONAL NAME
- Personal name: MORARI, MANFRED, ZAFIRIOU, EVANGHELOS
670 ## - SOURCE DATA FOUND
- Source citation: Work cat.: (NUST): MORARI, MANFRED, ZAFIRIOU, EVANGHELOS, ROBUST PROCESS CONTROL, 1989
